000 00329nam a2200121 a 4500
005 20140414132114.0
008 110826s19uu xx 00 eng d
020 _a0809101742
050 _aM 813'54
_bP28 1972
100 _aPaulus, Trina
245 _aHope for the flowers /
_cwords and pictures by Trina Paulus.
999 _c114857
_d114857